Skaljarnoje ocenivanije mnogomernych dinamičeskich sistem

Na minha lista:
Detalhes bibliográficos
Formato: Livro
Idioma:russo
Publicado em: Moskva Mašinostrojenije 1987
Edição:1. izd.
Colecção:Monografija
Tags: Adicionar Tag
Sem tags, seja o primeiro a adicionar uma tag!

MARC

LEADER 00000nam a2200000 4500
001 c034666
005 20260128082627.5
041 0 |a rus 
044 |a RU 
245 1 0 |a Skaljarnoje ocenivanije mnogomernych dinamičeskich sistem  |c Oleg Stepanovič Salyčev 
250 |a 1. izd. 
264 1 |a Moskva  |b Mašinostrojenije  |c 1987 
300 |a 215 s. 
490 1 |a Monografija 
830 0 |a Monografija